Which city is it? - Statistics

General Stats
  • This quiz has been taken 25 times
  • The average score is 11 of 20
Answer Stats
Hint Answer % Correct
The largest on an island. Tokyo
96%
The largest in the United States New York City
92%
The largest in Africa. Cairo
88%
The largest in Europe Moscow
88%
The largest in the nordic countries. Stockholm
88%
The largest on the Korean peninsula Seoul
83%
The largest in Oceania. Sydney
83%
The largest is South America. Sao paulo
79%
The largest spanish speaking. Mexico city
75%
The largest in Indochina. Bangkok
67%
The largest non-coastal. Delhi
54%
The largest in the world. Guangzhou
46%
The Sub-Saharan african city. Lagos
46%
The largest within 2 degrees of the Equator. Nairobi
38%
The largest starting with the letter a. Ahmedabad
29%
The largest above 40 degrees latitude Istanbul
29%
The largest German speaking. Ruhr
21%
The largest below sea level. Baku
17%
The largest on the Nile river (not the delta). Kampala
8%
The largest below -50 degrees latitude Punta Arenas
4%
No matching quizzes found
Score Distribution
Percent of People with Each Score
Percentile by Number Answered
Your Score History
You have not taken this quiz